Kontrola v manažmente podniku

Vývoj podnikovej - internej kontroly v krajinách s rozvinutým trhovým mechanizmom v dvoch základných smeroch a to európskym (nemecká a anglická teória) a americkým smerom. Posúdenie oboch smerov. História počiatkov controllingu. Chápanie kontroly v súčasnej manažérskej teórii a praxi.

Na minha lista:
Detalhes bibliográficos
Autor principal: Oravský, Pavol
Formato: Capítulo de Livro
Idioma:eslovaco
Assuntos:
Tags: Adicionar Tag
Sem tags, seja o primeiro a adicionar uma tag!

MARC

LEADER 00000naa$a2200000$$$4500
001 0018174
005 20240502071405.1
041 0 |a slo 
044 |a SK 
245 1 0 |a Kontrola v manažmente podniku  |c Pavol Oravský 
520 |a Vývoj podnikovej - internej kontroly v krajinách s rozvinutým trhovým mechanizmom v dvoch základných smeroch a to európskym (nemecká a anglická teória) a americkým smerom. Posúdenie oboch smerov. História počiatkov controllingu. Chápanie kontroly v súčasnej manažérskej teórii a praxi. 
610 2 0 |a manažment 
610 2 0 |a kontrola 
610 2 0 |a riadenie 
610 2 0 |a história 
610 2 0 |a teória riadenia 
610 2 0 |a kontrola vnútropodniková 
610 2 0 |a kontroling 
100 1 |a Oravský, Pavol